| 000 | 00687nam a22002417a 4500 | ||
|---|---|---|---|
| 003 | BUBTL | ||
| 008 | 240801b ||||| |||| 00| 0 eng d | ||
| 020 | _a8175040211 | ||
| 041 | _aEnglish | ||
| 082 | _a001.4/ St765l/ 1999 | ||
| 100 |
_95871 _aStott, David |
||
| 245 |
_aLawman Legal Skills Series Legal Research/ _bDavid Stott _c _h |
||
| 250 | _a2nd edn. | ||
| 260 |
_aNew Delhi : _bLawman Private Limited, _cc1999 |
||
| 300 |
_a[xii], 183 p. : _bill. ; 21 cm. |
||
| 500 | _aIncludes Index. | ||
| 505 | _a Legal Research, David Stott | ||
| 526 | _aLaw | ||
| 650 | 0 |
_926 _aLaw |
|
| 856 |
_k0 _l0 _yDownload |
||
| 942 |
_2ddc _cBK |
||
| 999 |
_c7340 _d7340 |
||